02260nam a2200325uu 4500001000800000005001700008008004100025020001800066035001200084040001300096041000800109082000800117100004700125245010400172250004100276260005000317300001800367505019700385520106600582650003301648650001801681650001901699650003901718650003301757650003001790650002001820650003301840700002901873700003201902157772820260508094655.0221021s2009 spa  a9781600375125 a1577728 ccomduadb aspa 4a65810aLevinson, Jay Conrad,d1933-20134auteaut10aMarketing de guerrilla : secretos para obtener grandes ganancias con su pequeña o mediana empresa a3. edición, revisada y actualizada aNueva York :bMorgan James Publishing,c2009. a417 páginas aCONTENIDO: El enfoque guerrillero al marketing. -- Marketing en los mini-medios. -- El marketing de maximedios. -- Marketing sin uso de medios. -- Lanzando su ataque de marketing de guerrilla.3 aRESUMEN: "El término marketing de guerrilla nace en los años 80s con la publicación del libro, su autor inspirado en las tácticas de las guerrillas, organizaciones con pocos recursos que tenían una planeación basada en el factor sorpresa y en generar impacto. Y así nace el marketing de guerrilla, un conjunto de técnicas y estrategias en donde la creatividad, el ingenio y la innovación son el eje de su ejecución. Sumado a la poca inversión en publicidad y su presentación en medios no convencionales, permiten entregar el mensaje de manera diferente a nuestro público meta. ¿Y en qué tipo de espacios se puede presentar el marketing de guerrilla? Pueden ser espacios cotidianos con los que interactuamos día a día, intervenidos para transmitir un mensaje, generar un impacto o una experiencia que persista en la memoria del público al que van dirigidos. Así que, si tienes una pequeña o gran empresa, el marketing de guerrilla es una manera ingeniosa y creativa para que las personas conozcan tus productos y servicios" aAdministración de mercados aMicroempresas 7aMercadeo2lemb 7aPlanificación del mercadeo2lemb aAdministración de mercadeo aPlanificacion del mercado aMediana empresa 7aMercadeo en Internet2armarc10aSavage, Steve 4edteedt10aKrizmanic, Helena4trletrl